000 00279nam a22001337a 4500
008 170918b xxu||||| |||| 00| 0 eng d
020 _a702092186
041 _aeng
080 _a7
100 _a44
101 _aART
245 _aBARBARIAN EUROPE
_cSIMONS, G
942 _2udc
_cBK
999 _c28090
_d28090